| 000 | 00339cam a22001217a 4500 | ||
|---|---|---|---|
| 008 | 180718b1962 xxu||||| |||| 00| 0 eng d | ||
| 082 | _aB71103x5433 K45/62 | ||
| 100 | _aKerala. Law Department | ||
| 245 | _aThe Kerala panchayats (amendment) act, 1962 | ||
| 260 |
_aTrivandrum _bThe author _c1962 |
||
| 300 | _a2p. | ||
| 500 | _aAct 19 of 1962 | ||
| 999 |
_c493549 _d493549 |
||